000 00238nam a22000857a 4500
008 160701b xxu||||| |||| 00| 0 eng d
100 _91690
_a Gadekar, A
245 _aBookworm: English Suupplementary Reader
260 _aNew delhi
_b Arya
_c2002
999 _c1403
_d1403